| 000 | 00922na a2200277 4500 | ||
|---|---|---|---|
| 001 | 21303 | ||
| 003 | MIRAKIL | ||
| 005 | 20181213155222.0 | ||
| 008 | 170203b tu 000 0 | ||
| 020 | _a9758458868 | ||
| 040 |
_aMilas _btur _cTR-AnCHP |
||
| 041 | _atur | ||
| 082 |
_a330.9561 _bT96 2005 |
||
| 090 | _a330.9561 T96 2005 | ||
| 245 |
_aTürkiye'de büyüme perspektifleri _bMakroekonomik çerçeve _bDinamikler/ strateji _cTÜSİAD |
||
| 246 | _aDinamikler/ strateji | ||
| 246 | _aMakroekonomik çerçeve | ||
| 260 |
_aİstanbul _bTÜSİAD _c2005 _fLebib Yalkın Yayımları ve baskı işleri |
||
| 300 |
_a169 s. _btbl. ; grf. _c30 sm. |
||
| 440 |
_aTÜSİAD - T _n2005-06\398 |
||
| 490 |
_aTÜSİAD büyüme stratejileri dizisi _v1 |
||
| 650 |
_aTürkiye _xMakroekonomi _yBüyüme |
||
| 650 |
_aEkonomi _zTürkiye |
||
| 710 | _aTürk Sanayicileri ve İşadamları Derneği (TÜSİAD) | ||
| 942 |
_2dcc _cBKS |
||
| 999 |
_c8702 _d8702 |
||